000 00556nam a22001932 4500
001 0000008523
005 20151217152035.0
008 080418s xx 000 0 eng d
020 _a8171696120 :
_cKES 3660
040 _aKABU
_cKABU
100 1 _aChakravarty, Madhumita.
_@0000159156
245 1 0 _aChild psychology /
_cMadhumita Chakravarty.
260 _aNew Delhi :
_bAjay Verma,
_c2007.
300 _avii, 247 p.
650 0 _aChild development.
_@0000148112
908 _a080418
950 _@1
999 _c7618
_d7618